ბათუმის შოთა რუსთაველის სახელმწიფო უნივერსიტეტის ბიბლიოთეკა

Справочник инженера-химика=Chemical Engineers' Handbook. (ბიბ.ჩანაწერი № 38229)

000 -LEADER
fixed length control field 00778nam a2200229Ia 4500
001 - CONTROL NUMBER
control field 4219
003 - CONTROL NUMBER IDENTIFIER
control field GE_BSU
008 - FIXED-LENGTH DATA ELEMENTS--GENERAL INFORMATION
fixed length control field 181216s||||||||xx |||||||||||||| ||und||
040 ## - CATALOGING SOURCE
Transcribing agency GE_BSU
080 ## - UNIVERSAL DECIMAL CLASSIFICATION NUMBER
Universal Decimal Classification number 66.0(035.3)
100 ## - MAIN ENTRY--PERSONAL NAME
Personal name Перри, Джон.
245 ## - TITLE STATEMENT
Title Справочник инженера-химика=Chemical Engineers' Handbook.
245 ## - TITLE STATEMENT
Statement of responsibility, etc. Под ред. Н.М.Жаворонкова. П.Г.Романкова. Ред. В.А.Коц, Ю.К.Кузнецов и др.
250 ## - EDITION STATEMENT
Edition statement Перевод с англ.
260 ## - PUBLICATION, DISTRIBUTION, ETC.
Place of publication, distribution, etc. М.
260 ## - PUBLICATION, DISTRIBUTION, ETC.
Name of publisher, distributor, etc. Химия.
260 ## - PUBLICATION, DISTRIBUTION, ETC.
Date of publication, distribution, etc. 1969.
300 ## - PHYSICAL DESCRIPTION
Extent 640 стр. 27 см.
300 ## - PHYSICAL DESCRIPTION
Accompanying material 332 таб. 397 рис.
653 ## - INDEX TERM--UNCONTROLLED
Uncontrolled term Справочник инженера-химика=Chemical Engineers' Handbook.
942 ## - ADDED ENTRY ELEMENTS (KOHA)
Koha item type წიგნი
ეგზემპლარები
Withdrawn status Lost status Damaged status Not for loan Date acquired Barcode Date last seen Price effective from Koha item type Public note
        2018-12-17 9562 2018-12-17 2018-12-17 წიგნი საცავი
        2018-12-17 9563 2018-12-17 2018-12-17 წიგნი საცავი
        2018-12-17 9564 2018-12-17 2018-12-17 წიგნი საცავი